Knife Companies by Knife Models - Statistics

General Stats
  • This quiz has been taken 113 times
  • The average score is 9 of 12
Answer Stats
Knives Company % Correct
Bugout, Osbourne, Griptilian Benchmade
93%
Paramilitary 2, Manix, Shaman Spyderco
92%
110, 112, 119 Buck
85%
Surge, Wave, Charge Leatherman
85%
Sebenza 31, Inkosi Chris Reeve
82%
Ultratech, UTX-70 Microtech
82%
RAT Model 1, RAT Model 2 Ontario
80%
Elementum, Riffle, Conspirator CIVIVI
77%
AD20.5, AD-15MG Demko
67%
Banter, Baklash, Arrakis WE Knife
67%
Sheepdog, Vanguard, Escort Kizer
62%
Atom, Neutron TRM
55%
No matching quizzes found
Score Distribution
Percent of People with Each Score
Percentile by Number Answered
Your Score History
You have not taken this quiz